| 000 | 00422cam a2200157ua 4500 | ||
|---|---|---|---|
| 041 |
_aeng _h |
||
| 082 |
_a690 _bREY/BU |
||
| 100 | _aReynolds, Trefor J . | ||
| 245 |
_aBuilding mechanics for junior technical schools / _cTrefor J Reynolds. _hTextual Documents |
||
| 250 |
_a1 / _b. |
||
| 260 |
_aLondon : _bEnglish Universities Press , _c1947. |
||
| 300 | _a230 ; . | ||
| 504 | _a | ||
| 942 | _cBK | ||
| 999 |
_c2713 _d2713 |
||